000
00344cam a2200157ua 4500
020
_c
4.25
041
_a
hin
_h
082
_a
891.43
_b
JAI/VI
100
_a
Jainedrakumar, .
245
_a
vivartha /
_c
jaindnedra kumar.
_h
Textual Documents
300
_a
231 ; .
365
_a
4.25
504
_a
942
_c
BK
999
_c
11648
_d
11648